00878nam a22002657a 45000010005000000030006000050050017000110080041000280200018000690400029000870500014001160820012001301000033001422450054001753000059002294900025002885050008003135200056003215210029003775210020004066500029004269420015004559990015004709520127004853763FISKH20240430155924.0240430b cb ||||| |||| 00| 0 eng d a9781617418761 aFISKHbengcFISKHdFISKH aTL236.R34 a629.222 aReasoner , Charles eauthor  aCars ! : bBig busy machines /cCharles Reasoner  a8 unnumbered pages : bcolor illustrations ;c14 cm .  aLittle Bridle Books  aD  aCome along with car as he spends the day at work . 8 a160 bLexile estimate 8 aD bRaz-Plus  aTransportation vFiction 2ddccBKn0 c3763d3763 00102ddc40708JUVFa001b001cTTPd2024-04-30l0oREA 629.222 TL236.R34p2024-0552r2024-04-30 15:59:19w2024-04-30yBK